| 000 | 00451nam a2200181Ia 4500 | ||
|---|---|---|---|
| 008 | 100917s9999 xx 000 0 und d | ||
| 082 | _b57850 | ||
| 100 | _a--- | ||
| 245 | _aNetaji Collected Works Vol. 3 | ||
| 260 |
_b--- _c--- |
||
| 300 | _a--- | ||
| 365 | _b30 | ||
| 520 | _aइंग्रजी | ||
| 630 | _aNetaji Collected Works Vol. 3 | ||
| 650 | _aइंग्रजी | ||
| 730 | _aNetaji Collected Works Vol. 3 | ||
| 942 | _cBOOK | ||
| 999 |
_c663244 _d663241 |
||